Abilities for valorant i guess - Statistics

General Stats
  • This quiz has been taken 35 times
    15 since last reset
  • The average score is 32 of 101
Answer Stats
Hint Answer % Correct
Signature Dark Cover
67%
Signature Gatecrash
67%
Signature Sky Smoke
67%
Ultimate Cosmic Divide
56%
Signature Dismiss
56%
Ultimate Empress
56%
Signature Guiding Light
56%
Basic Incendiary
56%
Ultimate NULL/CMD
56%
Basic Paranoia
56%
Ultimate Reckoning
56%
Ultimate Resurrection
56%
Ultimate Rolling Thunder
56%
Ultimate Showstopper
56%
Ultimate Tour de Force
56%
Basic Trailblaze
56%
Basic Aftershock
44%
Ultimate Blade Storm
44%
Basic Curveball
44%
Signature Devour
44%
Ultimate Dimensional Drift
44%
Basic Fakeout
44%
Basic FLASH/drive
44%
Ultimate From the Shadows
44%
Signature Haunt
44%
Signature Hot Hands
44%
Ultimate Hunter's Fury
44%
Ultimate Lockdown
44%
Basic Nebula
44%
Ultimate Nightfall
44%
Ultimate Orbital Strike
44%
Signature Paint Shells
44%
Basic Prowler
44%
Ultimate Run it Back
44%
Basic Seize
44%
Basic Slow Orb
44%
Basic Sonic Sensor
44%
Basic Wingman
44%
Ultimate Annihilation
33%
Signature Barrier Mesh
33%
Basic Boom Bot
33%
Signature Dizzy
33%
Signature Fault Line
33%
Basic Flashpoint
33%
Basic FRAG/ment
33%
Basic Headhunter
33%
Signature Healing Orb
33%
Signature High Tide
33%
Basic Leer
33%
Basic Mosh Pit
33%
Ultimate Neural Theft
33%
Basic Owl Drone
33%
Basic Razorvine
33%
Signature Recon Bolt
33%
Ultimate Seekers
33%
Basic Shock Bolt
33%
Ultimate Steel Garden
33%
Basic Stim Beacon
33%
Signature Tailwind
33%
Ultimate Thrash
33%
Basic Alarmbot
22%
Basic Barrier Orb
22%
Basic Blaze
22%
Basic Blindside
22%
Basic Cascade
22%
Basic Fast Lane
22%
Basic GravNet
22%
Basic Nanoswarm
22%
Ultimate Not Dead Yet
22%
Basic Snake Bite
22%
Signature Spycam
22%
Signature Toxic Screen
22%
Basic Updraft
22%
Ultimate Viper's Pit
22%
Signature ZERO/point
22%
Signature Arc Rose
11%
Basic Blast Pack
11%
Basic Cloudburst
11%
Basic Cove
11%
Basic Cyber Cage
11%
Signature Double Tap
11%
Basic Gravity Well
11%
Signature High Gear
11%
Basic Meddle
11%
Ultimate Overdrive
11%
Basic Pick Me Up
11%
Basic Regrowth
11%
Basic Relay Bolt
11%
Signature Rendezvous
11%
Signature Ruse
11%
Basic Shear
11%
Basic Shrouded Step
11%
Basic Trademark
11%
Basic Trapwire
11%
Signature Turret
11%
Basic Undercut
11%
Basic Contingency
0%
Basic Dissipate
0%
Basic Nova Pulse
0%
Basic Poison Cloud
0%
Signature Stars
0%
No matching quizzes found
Score Distribution
Percent of People with Each Score
Percentile by Number Answered
Your Score History
You have not taken this quiz since the last reset